| 000 | 00581nam a2200145Ia 4500 | ||
|---|---|---|---|
| 008 | 171212s9999 xx 000 0 und d | ||
| 020 | _a9780833087935 | ||
| 100 | _aMueller, Karl P. | ||
| 245 |
_cMueller, Karl P. _aPrecision and Purpose _bAirpower in the Libyan Civil War |
||
| 260 |
_bRAND Corporation _c2015 |
||
| 440 | _aResearch Reports | ||
| 650 | _aHistory | ||
| 650 | _aLibya -- History -- Civil War, 2011 -- Aerial operations; Libya -- History -- Civil War, 2011 -- Campaigns; Air power -- History -- 21st century | ||
| 856 | _uhttp://jstor.org/stable/10.7249/j.ctt16f8d7x | ||
| 999 |
_c352418 _d352418 |
||